000 01361cam a2200361 a 4500
001 3771
005 20240506151844.0
020 _a0618494979 (hardcover)
020 _a9780618494965
040 _aDLC
_cDLC
_dDLC
_beng
050 0 0 _aPZ7.M335835
082 0 0 _a813.6
100 _aRey's H.A
245 0 0 _aMargret & H.A. Rey's Curious George and the firefighters /
_cillustrated in the style of H.A. Rey by Anna Grossnickle Hines.
246 3 _aMargret and H.A. Rey's Curious George and the firefighters
246 3 0 _aCurious George and the firefighters
260 _aBoston :
_bHoughton Mifflin,
_c2004.
300 _a24 pages :
_bcolor illustrations ;
_c20 cm.
490 _a Curious George
_vBook 53
505 _aJ
520 _aWhile on a field trip to a fire station with Mrs. Gray's class, Curious George goes off on his own and is soon at the scene of a fire, where he finds a way to be helpful.
521 _a490
_bLexile
521 _aJ
_bRaz-Plus
650 1 _aMonkeys
_vFiction.
650 1 _aFire fighters
_vFiction.
650 1 _aFire departments
_vFiction.
650 1 _aSchool field trips
_vFiction.
700 1 _aRey, Margret
700 1 _aRey, H. A.
_q(Hans Augusto),
_d1898-1977.
700 1 _aHines, Anna Grossnickle,
_eillustrator
906 _a7
_bcbc
_corignew
_d1
_eecip
_f20
_gy-gencatlg
942 _2ddc
_cBK
_n0
999 _c3771
_d3771